000 nam a22 7a 4500
999 _c9875
_d9875
008 180208b ||||| |||| 00| 0 eng d
100 _aThree ESS Publication
_931
245 _aAdventure stories for girls
260 _aNew Delhi
_bThree ESS Publication
_c2012